LEADER 00941nam0-22002891i-450- 001 990006776390403321 005 20001010 035 $a000677639 035 $aFED01000677639 035 $a(Aleph)000677639FED01 035 $a000677639 100 $a20001010d--------km-y0itay50------ba 101 0 $aita 105 $ay-------001yy 200 1 $a<>sfida dei titoli e la ricerca dei posti$eun'indagine alla Sapienza e alla Luiss tra gli studenti di Economia eCommercio e Scienze Politiche$fVerena D'Alessandro 210 $aMilano$cF. Angeli$dc 1991. 215 $a292 p.$d22 cm 225 1 $aSociologia del lavoro e delle organizzazioni$v38 700 1$aD'Alessandro,$bVerena$0144061 801 0$aIT$bUNINA$gRICA$2UNIMARC 901 $aBK 912 $a990006776390403321 952 $aCOLLEZ. 591 (38)$b21043$fFSPBC 959 $aFSPBC 996 $aSfida dei titoli e la ricerca dei posti$962901 997 $aUNINA DB $aGEN01 LEADER 01271nam0-2200385---45-- 001 990000281360203316 005 20001018000000.0 035 $a0028136 035 $aUSA010028136 035 $a(ALEPH)000028136USA01 035 $a0028136 100 $a20001021d2000----km-yaita-0103----ba 101 $aita 102 $aIT 105 $aa|||||||001yy 200 1 $aTerre lombarde$estudi per un eco-programma in aree bergamasche e bresciane$fa cura di Pier Luigi Paolillo 210 $a[Milano]$cGiuffráe$d2000 215 $aLVI, 447 p.$cill.$d25 cm 300 $aIn testa al front.: Regione Lombardia, Direzione generale tutela ambientale 606 $aPainificazione ambientale$xBrescia 606 $aPianificazione ambientale$yBergamo 676 $a711.42 702 1$aPAOLILLO,$bPier Luigi 712 02$aREGIONE LOMBARDIA$bDirezione generale tutela ambientale 801 0$aIT$bUNPD$c20001018$gRICA 912 $a990000281360203316 951 $a711.42 TER$b25495/G$c711$d00003293 959 $aBK 969 $aTEC 979 $aTAMI$b40$c20001025$lUSA01$h1156 979 $c20001110$lUSA01$h1716 979 $c20020403$lUSA01$h1636 979 $aPATRY$b90$c20040406$lUSA01$h1620 996 $aTERRE lombarde$9121480 997 $aUNISA